|
|
|
|
| LEADER |
00000nam a2200000 a 4500 |
| 001 |
vtls011617026 |
| 003 |
SK-MaSNL |
| 005 |
20260301141625.0 |
| 008 |
240313s2016 xo da g n 001 0 slo |
| 015 |
|
|
|a SNBA2017/03
|
| 020 |
|
|
|a 9788081651854
|q (viaz.)
|
| 035 |
|
|
|a urn:nbn:sk:snk-am00cwne
|
| 035 |
|
|
|a urn:nbn:sk:snk-am3hn2a
|
| 035 |
|
|
|a CDDE0B8B-CEA3-480E-97F7-B916508FB9B7
|
| 040 |
|
|
|a SNK
|b slo
|c SNK
|e AACR2
|
| 041 |
0 |
|
|a slo
|
| 044 |
|
|
|a xo
|c SK
|
| 072 |
|
7 |
|a 658
|x Riadenie a správa podniku
|2 konspekt
|
| 080 |
|
|
|a 658.8:316.77
|2 2011
|
| 080 |
|
|
|a (048.8)
|2 2011
|
| 080 |
|
|
|a 658.8:004.738.5
|2 2011
|
| 080 |
|
|
|a 366.1
|2 2011
|
| 080 |
|
|
|a 658.849:004.738
|2 2011
|
| 100 |
1 |
|
|a Fedorko, Igor
|4 aut
|9 266371
|
| 245 |
1 |
0 |
|a Analýza vplyvu marketingovej komunikácie na nákupné správanie spotrebiteľov v prostredí internetu
|c Igor Fedorko
|
| 250 |
|
|
|a 1. vyd.
|
| 260 |
|
|
|a Prešov
|b Bookman
|c 2016
|
| 300 |
|
|
|a 92 s.
|b grafy, tab.
|c 24 cm
|
| 366 |
|
|
|e 400 výtlačkov
|
| 500 |
|
|
|a Vydané pre Fakultu manažmentu Prešovskej univerzity v Prešove
|
| 504 |
|
|
|a Bibliografia na strane 87-89 ; register ; zoznam ilustrácií a tabuliek ; zoznam skratiek a značiek
|
| 650 |
0 |
7 |
|a marketingová komunikácia
|2 SNKPH
|9 2300
|
| 650 |
0 |
7 |
|a Communication in marketing
|2 SNKPHeng
|9 265704
|
| 650 |
0 |
7 |
|a internetový marketing
|2 SNKPH
|9 78055
|
| 650 |
0 |
7 |
|a Internet marketing
|2 SNKPHeng
|9 338653
|
| 650 |
0 |
7 |
|a spotrebiteľské správanie
|2 SNKPH
|9 68696
|
| 650 |
0 |
7 |
|a Consumer behavior
|2 SNKPHeng
|9 270338
|
| 650 |
0 |
7 |
|a elektronický obchod
|2 SNKPH
|9 3918
|
| 650 |
0 |
7 |
|a Electronic commerce
|2 SNKPHeng
|9 318437
|
| 655 |
|
7 |
|a monografie
|2 SNKPH
|9 70139
|
| 655 |
|
7 |
|a Monographs
|2 SNKPHeng
|9 120675
|
| 710 |
2 |
|
|a Prešovská univerzita v Prešove.
|b Fakulta manažmentu
|4 pbl
|9 124082
|
| 919 |
|
|
|a 978-80-8165-185-4
|
| 958 |
|
|
|a NB
|
| 999 |
|
|
|c 767754
|d 769684
|
| 952 |
|
|
|a SNK
|b SNK
|y PREZ
|7 0
|p 17A1254823
|o snkSC 173711
|i snk2017/6669
|8 0
|0 0
|1 0
|4 0
|d 2017-03-10
|f 1
|l 0
|r 2025-09-11 00:00:00
|w 2026-02-24
|
| 952 |
|
|
|a SNK
|b SNK
|y VYP
|7 0
|p 17A1254824
|o snkSC 173711 D1
|i snk2017/6670
|8 0
|0 0
|1 0
|4 0
|d 2017-03-10
|l 0
|r 2026-02-24 00:24:49
|w 2026-02-24
|